| 000 | 00430nam a2200169 i 4500 | ||
|---|---|---|---|
| 001 | bg | ||
| 100 | 1 |
_aCourant, Richard _d(1888-1972). |
|
| 245 | 0 |
_aMethoden der mathematischen Physick / _cR. Courant, D. Hilbert. |
|
| 250 | _a3 Aufl. | ||
| 260 |
_aBerlin, _c1968. |
||
| 700 | 1 |
_aHilbert, David _d(1862-1943). |
|
| 040 | _cBPK | ||
| 041 | _apol | ||
| 080 | _a51:53 | ||
| 942 | _cKS | ||
| 008 | s pl f |000 0 pol | ||
| 999 |
_c21045 _d21045 |
||
| 856 |
_uhttp://koha.tu.koszalin.pl/cgi-bin/koha/opac-detail.pl?biblionumber=21045 _yKatalog online BPK |
||